000 00953nam2a2200253 4500
001 rc\2820269
005 20260315044355.0
035 _a(NLR Aleph) 006978722
090 _a13568605
_c13568605
100 _a20110621d1930 u y0rusy50 ca
101 0 _arus
102 _aRU
105 _ay z |||||
200 1 _aКатехизис обмотчика машин постоянного и переменного тока
205 _a3-е изд.
210 _d[1930]
225 1 _aРабочая библиотека
_v№ 2-53
_aА. Серия 2
461 0 _1001rc\2820266
_12001#$aБиблиотека электротехника$eКн. 1-2, 6-8$vКн. 6
_95509802
_cМосква
_d[1930]
_nГос. техн. изд-во
_oКн. 1-2, 6-8
_tБиблиотека электротехника
_vКн. 6
700 1 _aРаскоп
_bФ.
801 0 _aRU
_bNLR
_gpsbo
801 1 _aRU
_bELAR
_2rusmarc
852 _aNLR
_j30.16/110
942 _cUNSPEC
980 _aNB